000 00941nam a2200301 4500
003 OSt
005 20260530113920.0
008 260520b1989 xxua|||| |||| 00| 0 eng d
020 _a9789519823454
040 _aICI
_bspa
_cICI
041 _aeng
050 _aNK1390
_bD53 2007
100 _eautor
245 _aThe DNA of a design :
_b1967-2007, 40 years
264 1 _aHelsinki :
_bFiskars
_c1989
300 _a23 páginas :
_bilustraciones
336 _2rdacontent
_atexto
337 _2rdamedia
_asin medio
338 _2rdacarrier
_avolumen
500 _aObra retrospectiva sobre cuarenta años de diseño contemporáneo
650 _aDiseño industrial
_xHistoria
_ySiglo XX
_934490
650 _aiseño contemporáneo
_934491
650 _aDiseño escandinavo
_934492
650 _aDiseño de productos
_934493
650 _aArtes decorativas modernas
_934494
655 _2local
_aLibros ilustrados
_934495
942 _2lcc
_n1
_cBK
999 _c12406
_d12406